| 000 | 00967cam a2200301 i 4500 | ||
|---|---|---|---|
| 999 |
_c160288 _d26535 |
||
| 001 | 160288 | ||
| 003 | TR-AnTOB | ||
| 005 | 20210318092801.0 | ||
| 007 | ta | ||
| 008 | 080411s2006 tu a0 tur tur | ||
| 040 |
_aTR-AnTOB _beng _erda _cTR-AnTOB |
||
| 041 | 0 | _atur | |
| 050 | 1 | 4 |
_aSF253 _b.A968 2006 |
| 090 |
_aTOBBK SF253 _b.A968 2006 |
||
| 245 | 1 | 0 | _aAB sürecinde kaliteli süt üretimi ve somatik hücre sayısı. |
| 246 | 3 | 0 | _aAvrupa Birliği sürecinde kaliteli süt üretimi ve somatik hücre sayısı. |
| 264 | 1 |
_aKonya : _bKonya Ticaret Borsası, _c2006. |
|
| 300 |
_a88 pages : _billustrations ; _c19 cm |
||
| 336 |
_2rdacontent _atext _btxt |
||
| 337 |
_2rdamedia _aunmediated _bn |
||
| 338 |
_2rdacarrier _avolume _bnc |
||
| 650 | 7 |
_aSüt üretimi _zTürkiye _966637 |
|
| 902 | _aT0000258, T0000259, T0000260 | ||
| 903 | _aTOBB Özel Koleksiyonu | ||
| 942 |
_cBK _2lcc |
||